Osudy a memoáre Ivana Stodolu

Podrobná bibliografia
Hlavný autor: Parenička, Pavol, 1959- (Autor)
Médium: Článok
Jazyk:slovenčina
ISBN:80-7090-571-9
Predmet:
On-line prístup:http://www.snk.sk/images/Edicna_cinnost/Zborniky/Biograficke_studie/26/bs26_142_147.pdf

MARC

LEADER 00000nab a2200000 ar4500
001 vtls008411703
003 SK-MaSNL
005 20260304140121.0
008 250505c19990219xo |r|p|||||||100 b|slo
015 |a SNBRB2005/11  |2 snkbucl 
035 |a urn:nbn:sk:snk-ab8237 
035 |a (urnnbn)urn:nbn:sk:snk:ar-00635v 
035 |a (uuid)9f2cebe3-8592-4fd6-bed0-59681b0660c7 
038 |a SNKBUCL 
040 |a SNKBUCL  |b slo  |c SNKBUCL  |e AACR2 
041 0 |a slo 
044 |a xo  |c SK 
080 |a 82:929:821.162.4  |2 1981 
080 |a 929 Stodola, Ivan  |2 1981 
080 |a 929:821.162.4  |2 1981 
080 |a 821.162.4-2  |2 1981 
100 1 |a Parenička, Pavol,  |d 1959-  |4 aut  |9 100367 
245 1 0 |a Osudy a memoáre Ivana Stodolu  |c Pavol Parenička 
600 1 7 |a Stodola, Ivan,  |d 1888-1977  |2 snkbucl  |9 85500 
655 7 |a štúdie  |2 snkbucl  |9 57033 
773 0 |t Biografické štúdie 26  |d Martin : Matica slovenská, 1999  |g S. 142-147  |z 80-7090-571-9 
850 |a Slovenská národná knižnica 
852 |a Slovenská národná knižnica 
856 4 1 |u http://www.snk.sk/images/Edicna_cinnost/Zborniky/Biograficke_studie/26/bs26_142_147.pdf 
954 |a odborná, vedecká literatúra cudzojazyčná (svetová)  |2 lita 
958 |a article9 
958 |a OND 
958 |a BX 
958 |a LX 
958 |a EUIPO 
999 |c 2913724  |d 2915654